| 000 | 00540nam a2200193Ia 4500 | ||
|---|---|---|---|
| 005 | 20250326140650.0 | ||
| 008 | 250326s9999 xx 000 0 und d | ||
| 037 | _aTextbook | ||
| 040 |
_aFMSL _beng _cFMSL |
||
| 041 |
_aeng _2eng |
||
| 084 |
_aS8:771 Q1 _qFMSL |
||
| 100 |
_aWard C C _9742807 |
||
| 245 | 0 |
_aStrength-Centered counseling _cWard C C; Reuter T |
|
| 260 |
_aNew Delhi _bNew Delhi, Sage _c2011 |
||
| 365 | _b1977.9245000000001 | ||
| 650 | _aManagement | ||
| 942 |
_cTB _hS8:771 Q1 |
||
| 999 |
_c1286805 _d1286805 |
||